Normal view
MARC view
Entry Topical Term
001 - CONTROL NUMBER
- control field: 11820
003 - CONTROL NUMBER IDENTIFIER
- control field: BD-RjUL
005 - DATE AND TIME OF LATEST TRANSACTION
- control field: 20240220104918.0
008 - FIXED-LENGTH DATA ELEMENTS
- fixed length control field: 240220|| aca||aabn | a|a d
040 ## - CATALOGING SOURCE
- Original cataloging agency: BD-RjUL
- Transcribing agency: BD-RjUL
150 ## - HEADING--TOPICAL TERM
- Topical term or geographic name entry element: ধান
- General subdivision: বাংলাদেশ
670 ## - SOURCE DATA FOUND
- Source citation: Work cat.: (BD-RjUL)83117: সিদ্দিকী, মাহবুব 11722, হারিয়ে যাওয়া সোনার ধান /, ২০২৩